Normal view MARC view

Entry Topical Term

Number of records used in: 1

001 - CONTROL NUMBER

  • control field: 49298

003 - CONTROL NUMBER IDENTIFIER

  • control field: OSt

005 - DATE AND TIME OF LATEST TRANSACTION

  • control field: 20241204154701.0

008 - FIXED-LENGTH DATA ELEMENTS

  • fixed length control field: 241204|| aca||aabn | a|a d

040 ## - CATALOGING SOURCE

  • Original cataloging agency: OSt
  • Transcribing agency: OSt

150 ## - HEADING--TOPICAL TERM

  • Topical term or geographic name entry element: Agricultural households, Wage income, Crop income, MGNREGA.

670 ## - SOURCE DATA FOUND

  • Source citation: Work cat.: (OSt): Roy, Ranjana and Terway, Prerna 49297, Rising wage income and the role of Mgnrega among agricultural households in India: Evidence from the situation assessment survey, 2018–19

Powered by Koha